| 000 | 00734nam a2200217 a 4500 | ||
|---|---|---|---|
| 005 | 20260203120444.0 | ||
| 008 | 040225s2000 ag r 000 0 spa d | ||
| 020 | _a9870000002 | ||
| 035 | _aUPN01000132151 | ||
| 049 | _aCG | ||
| 050 | 4 |
_aBF724 _bA3.6 |
|
| 245 | 0 | 4 |
_aLos adolescentes en la escuela y en la universidad : _bqué se dice y qué se hace / _ccomp. María Dolores Jolis. |
| 260 |
_aBuenos Aires : _bLumen-Hvmanitas, _c2000. |
||
| 300 |
_a272 p. : _bgráfs. |
||
| 440 | 0 | _aMinoridad y familia | |
| 650 | 4 |
_aPsicología del adolescente _91013 |
|
| 650 | 4 |
_aEstudiantes de escuela secundaria _zArgentina _xActitudes _925022 |
|
| 650 | 4 |
_aPsicopedagogía _95085 |
|
| 700 | 1 |
_aJolis, María Dolores, _ecomp. |
|
| 905 | _aLibro | ||
| 999 |
_c104306 _d104306 |
||